Ч. 2; Электротехника; ГОСТ 15596-82 Источники тока химические. Термины и определения; ГОСТ 16110-82 Трансформаторы силовые. Термины и определения; ГОСТ 16382-87 Оборудование электротермическое. Термины и определения; ГОСТ 17513-72 Электропривод колесных машин тяговый. Термины и определения; ГОСТ 17561-84 Усилители магнитные. Термины и определения; ГОСТ 17613-80 Арматура линейная. Термины и определения; ГОСТ 17703-80 Аппараты электрические коммутационные. Основные понятия. Термины и определения; ГОСТ 18624-73 Реакторы электрические. Термины и определения; ГОСТ 18685-73 Трансформаторы тока и напряжения. Термины и определения; ГОСТ 19350-74 Электрооборудование электрического подвижного состава. Термины и определения; ГОСТ 20938-75 Трансформаторы малой мощности. Термины и определения; ГОСТ 21515-76 Материалы диэлектрические. Термины и определения; ГОСТ 21888-82 Щетки, щеткодержатели, коллекторы и контактные кольца электрических машин. Термины и определения; ГОСТ 22265-76 Материалы проводниковые. Термины и определения; ГОСТ 22622-77 Материалы полупроводниковые. Термины и определения основных электрофизических параметров; ГОСТ 22990-78 Машины контактные. Термины и определения; ГОСТ 23869-79 Материал сверхпроводящий. Термины и определения; ГОСТ Р 50369-92 Электроприводы. Термины и определения

Bibliografiske detaljer
Parent link:Электротехника: термины и определения. Ч. 2.— официальное изд..— , 2005
Summary:Сборник содержит стандарты, утвержденные до 1.01.2005 г.
Sprog:russisk
Udgivet: 2005
TOC:ГОСТ 15596-82 Источники тока химические. Термины и определения;
ГОСТ 16110-82 Трансформаторы силовые. Термины и определения;
ГОСТ 16382-87 Оборудование электротермическое. Термины и определения;
ГОСТ 17513-72 Электропривод колесных машин тяговый. Термины и определения;
ГОСТ 17561-84 Усилители магнитные. Термины и определения;
ГОСТ 17613-80 Арматура линейная. Термины и определения;
ГОСТ 17703-80 Аппараты электрические коммутационные. Основные понятия. Термины и определения;
ГОСТ 18624-73 Реакторы электрические. Термины и определения;
ГОСТ 18685-73 Трансформаторы тока и напряжения. Термины и определения;
ГОСТ 19350-74 Электрооборудование электрического подвижного состава. Термины и определения;
ГОСТ 20938-75 Трансформаторы малой мощности. Термины и определения;
ГОСТ 21515-76 Материалы диэлектрические. Термины и определения;
ГОСТ 21888-82 Щетки, щеткодержатели, коллекторы и контактные кольца электрических машин. Термины и определения;
ГОСТ 22265-76 Материалы проводниковые. Термины и определения;
ГОСТ 22622-77 Материалы полупроводниковые. Термины и определения основных электрофизических параметров;
ГОСТ 22990-78 Машины контактные. Термины и определения;
ГОСТ 23869-79 Материал сверхпроводящий. Термины и определения;
ГОСТ Р 50369-92 Электроприводы. Термины и определения;
Fag:
Format: MixedMaterials Bog
KOHA link:https://koha.lib.tpu.ru/cgi-bin/koha/opac-detail.pl?biblionumber=153934

MARC

LEADER 00000nam0a2200000 4500
001 153934
005 20231101221728.0
035 |a (RuTPU)RU\TPU\book\166982 
035 |a RU\TPU\book\166981 
035 |a RU\TPU\book\166981 
090 |a 153934 
100 |a 20090219d2005 k a0rusy50 ca 
101 0 |a rus 
102 |a RU 
105 |a a el 001zy 
122 2 |a d2007121020  |a d2007121020 
200 0 |a Ч. 2 
210 |d 2005 
215 |a 212 с.  |c ил. 
300 |a Сборник содержит стандарты, утвержденные до 1.01.2005 г. 
320 |a Алфавитный указатель терминов в конце стандартов. 
461 |t Электротехника  |o термины и определения  |v Ч. 2  |e официальное изд.  |d 2005  |s Национальные стандарты 
464 |t ГОСТ 15596-82 Источники тока химические. Термины и определения 
464 |t ГОСТ 16110-82 Трансформаторы силовые. Термины и определения 
464 |t ГОСТ 16382-87 Оборудование электротермическое. Термины и определения 
464 |t ГОСТ 17513-72 Электропривод колесных машин тяговый. Термины и определения 
464 |t ГОСТ 17561-84 Усилители магнитные. Термины и определения 
464 |t ГОСТ 17613-80 Арматура линейная. Термины и определения 
464 |t ГОСТ 17703-80 Аппараты электрические коммутационные. Основные понятия. Термины и определения 
464 |t ГОСТ 18624-73 Реакторы электрические. Термины и определения 
464 |t ГОСТ 18685-73 Трансформаторы тока и напряжения. Термины и определения 
464 |t ГОСТ 19350-74 Электрооборудование электрического подвижного состава. Термины и определения 
464 |t ГОСТ 20938-75 Трансформаторы малой мощности. Термины и определения 
464 |t ГОСТ 21515-76 Материалы диэлектрические. Термины и определения 
464 |t ГОСТ 21888-82 Щетки, щеткодержатели, коллекторы и контактные кольца электрических машин. Термины и определения 
464 |t ГОСТ 22265-76 Материалы проводниковые. Термины и определения 
464 |t ГОСТ 22622-77 Материалы полупроводниковые. Термины и определения основных электрофизических параметров 
464 |t ГОСТ 22990-78 Машины контактные. Термины и определения 
464 |t ГОСТ 23869-79 Материал сверхпроводящий. Термины и определения 
464 |t ГОСТ Р 50369-92 Электроприводы. Термины и определения 
606 1 |a Электротехника общая  |2 stltpush  |3 (RuTPU)RU\TPU\subj\20906  |9 45967 
610 1 |a химические источники тока 
610 1 |a силовые трансформаторы 
610 1 |a электротермическое оборудование 
610 1 |a электрические аппараты 
610 1 |a электротехнические изделия 
610 1 |a проводниковые материалы 
610 1 |a полупроводниковые материалы 
610 1 |a контактные материалы 
610 1 |a термины 
610 1 |a определения 
610 1 |a словари 
610 1 |a стандарты 
675 |a 621.3(038)(083.74)  |v 3 
801 1 |a RU  |b 63413507  |c 20090219  |g PSBO 
801 2 |a RU  |b 63413507  |c 20221208  |g PSBO 
942 |c BK